[Event "Kurgan op"]
[Site "Kurgan"]
[Date "2010.03.27"]
[Round "8"]
[White "Bulatov, Ramil"]
[Black "Ryabov, Sergei"]
[Result "1-0"]
[WhiteElo "2065"]
[BlackElo "2205"]
[PlyCount "59"]
[EventDate "2010.03.20"]
[EventType "swiss"]
[EventRounds "9"]
[EventCountry "RUS"]
[SourceTitle "CBM 135 Extra"]
[Source "ChessBase"]
[SourceDate "2010.05.04"]
[SourceVersion "1"]
[SourceVersionDate "2010.05.04"]
[SourceQuality "1"]

1. e4 e6 2. d4 d5 3. Nc3 Nf6 4. Bg5 Be7 5. e5 Nfd7 6. h4 Bxg5 7. hxg5 Qxg5 8. Nh3 Qe7 9. Qg4 f6 10. Nf4 Nf8 11. Nfxd5 Qf7 12. exf6 gxf6 13. Bd3 Nc6 14. Qe4 Kd8 15. Nf4 f5 16. Qe3 Nb4 17. 0-0-0 c6 18. Qe5 Nxd3+ 19. Rxd3 Rg8 20. Re1 Qc7 21. Qe3 Bd7 22. d5 cxd5 23. Nfxd5 Qc6 24. Nf6 Rg7 25. Red1 Qb6 26. Qh6 Rf7 27. Qg5 Kc8 28. Qg8 Rxf6 29. Qg7 e5 30. Nd5 1-0

[Event "Kurgan op"]
[Site "Kurgan"]
[Date "2010.03.21"]
[Round "2"]
[White "Lobov, Dmitry"]
[Black "Ryabov, Sergei"]
[Result "1-0"]
[WhiteElo "2143"]
[BlackElo "2205"]
[PlyCount "51"]
[EventDate "2010.03.20"]
[EventType "swiss"]
[EventRounds "9"]
[EventCountry "RUS"]
[SourceTitle "CBM 135 Extra"]
[Source "ChessBase"]
[SourceDate "2010.05.04"]
[SourceVersion "1"]
[SourceVersionDate "2010.05.04"]
[SourceQuality "1"]

1. e4 e6 2. d4 d5 3. Nd2 dxe4 4. Nxe4 Bd7 5. Nf3 Bc6 6. Bd3 Nd7 7. Bf4 Ngf6 8. Nxf6+ Nxf6 9. Qe2 Bd6 10. Bg5 Be7 11. Bd2 0-0 12. c3 Nd7 13. 0-0-0 Bf6 14. h4 Bxf3 15. Qxf3 c5 16. Qe4 g6 17. h5 Bg7 18. hxg6 hxg6 19. Qg4 Qb6 20. Qh3 f5 21. Qh7+ Kf7 22. Rh6 Rh8 23. Qxg6+ Kf8 24. Rxh8+ Bxh8 25. Rh1 Bf6 26. Rh7 1-0

[Event "Kurgan op"]
[Site "Kurgan"]
[Date "2010.03.20"]
[Round "1"]
[White "Ryabov, Sergei"]
[Black "Bunkov, Sergey"]
[Result "1/2-1/2"]
[WhiteElo "2205"]
[BlackElo "2252"]
[PlyCount "72"]
[EventDate "2010.03.20"]
[EventType "swiss"]
[EventRounds "9"]
[EventCountry "RUS"]
[SourceTitle "CBM 135 Extra"]
[Source "ChessBase"]
[SourceDate "2010.05.04"]
[SourceVersion "1"]
[SourceVersionDate "2010.05.04"]
[SourceQuality "1"]

1. e4 e5 2. Nf3 Nc6 3. d4 exd4 4. Nxd4 Nxd4 5. Qxd4 Ne7 6. Bd2 Nc6 7. Qe3 b6 8. Bc3 Bb4 9. Nd2 Bxc3 10. Qxc3 0-0 11. 0-0-0 a5 12. h4 Ba6 13. Bc4 b5 14. Bb3 a4 15. Bd5 b4 16. Qc5 a3 17. Bxc6 axb2+ 18. Kb1 dxc6 19. Nc4 Qf6 20. e5 Qe6 21. Na5 Bb5 22. Nb3 Ra4 23. Rd4 Rfa8 24. Rhd1 h5 25. Rd8+ Rxd8 26. Rxd8+ Kh7 27. Qd4 Qf5 28. Kxb2 Bf1 29. g3 Bg2 30. Qc5 Bd5 31. Qd4 Bxb3 32. axb3 Ra5 33. f4 c5 34. Qd3 Qxd3 35. Rxd3 Kg6 36. Rd7 Ra7 1/2-1/2

[Event "Novosibirsk Sibiria op-C"]
[Site "Novosibirsk"]
[Date "2007.07.27"]
[Round "7"]
[White "Ryabov, Sergei"]
[Black "Danilyuk, Nadezhda"]
[Result "1-0"]
[WhiteElo "2192"]
[BlackElo "1959"]
[PlyCount "81"]
[EventDate "2007.07.21"]
[EventType "swiss"]
[EventRounds "9"]
[EventCountry "RUS"]
[SourceTitle "EXT 2008"]
[Source "ChessBase"]
[SourceDate "2007.11.25"]
[SourceVersion "1"]
[SourceVersionDate "2007.11.25"]
[SourceQuality "1"]

1. e4 c5 2. c3 Nf6 3. e5 Nd5 4. d4 cxd4 5. cxd4 d6 6. Nf3 Nc6 7. Nc3 dxe5 8. dxe5 Nxc3 9. Qxd8+ Nxd8 10. bxc3 Nc6 11. Rb1 e6 12. Be3 b6 13. Bb5 Bd7 14. 0-0 Be7 15. Rfd1 Nb8 16. a4 Bc5 17. Bxc5 bxc5 18. Rd6 Ke7 19. Bxd7 Nxd7 20. Rb7 Rhd8 21. Kf1 a5 22. Ng5 Rab8 23. Rdxd7+ Rxd7 24. Rxb8 f6 25. Ne4 Rd5 26. exf6+ gxf6 27. Rb7+ Kd8 28. Rb5 f5 29. Nxc5 Rd1+ 30. Ke2 Rc1 31. Nxe6+ Ke7 32. Nd4 f4 33. Rxa5 Rxc3 34. Ra7+ Kf6 35. a5 Ra3 36. a6 Ke5 37. Nc6+ Kd5 38. Nb8 Ke5 39. Rxh7 Ke4 40. Re7+ Kf5 41. a7 1-0

[Event "Novosibirsk Sibiria op-C"]
[Site "Novosibirsk"]
[Date "2007.07.26"]
[Round "6"]
[White "Glukhov, Mikhail"]
[Black "Ryabov, Sergei"]
[Result "1-0"]
[WhiteElo "2162"]
[BlackElo "2192"]
[PlyCount "117"]
[EventDate "2007.07.21"]
[EventType "swiss"]
[EventRounds "9"]
[EventCountry "RUS"]
[SourceTitle "EXT 2008"]
[Source "ChessBase"]
[SourceDate "2007.11.25"]
[SourceVersion "1"]
[SourceVersionDate "2007.11.25"]
[SourceQuality "1"]

1. d4 Nf6 2. c4 g6 3. Nc3 Bg7 4. e4 d6 5. f3 0-0 6. Be3 e5 7. d5 Ne8 8. Nge2 f5 9. Nc1 Nf6 10. Be2 fxe4 11. fxe4 Ng4 12. Bxg4 Qh4+ 13. Kd2 Bxg4 14. Qg1 c6 15. Nd3 cxd5 16. cxd5 Na6 17. Rf1 b6 18. Rxf8+ Rxf8 19. Qe1 Qe7 20. Rf1 Bd7 21. Rxf8+ Qxf8 22. Qf2 Qd8 23. b3 Bf6 24. Nb2 Bg5 25. Nc4 Bxe3+ 26. Qxe3 Qe7 27. Kc2 Nc7 28. a4 Na6 29. Kb2 Be8 30. Na3 Nc5 31. Nc4 Qc7 32. Qg5 Kg7 33. Ne3 Kf8 34. Qf6+ Bf7 35. Nc4 Qe7 36. Qxd6 Nd7 37. Kc2 Ke8 38. Qc7 Qf6 39. Nd6+ Ke7 40. Nc8+ Ke8 41. b4 a5 42. Nd6+ Ke7 43. Nb7 Qf2+ 44. Kb3 Be8 45. Qd6+ Kf7 46. Qe6+ Kf8 47. Nd6 Nf6 48. Nxe8 Nxe8 49. Qxe5 axb4 50. d6 bxc3 51. Qe7+ Kg8 52. Qxe8+ Kg7 53. Qe5+ Kh6 54. Qxc3 b5 55. axb5 Qb6 56. Qd3 Qd8 57. d7 g5 58. Qd6+ Kh5 59. Qe6 1-0

[Event "Izmailov Memorial op 11th"]
[Site "Tomsk"]
[Date "2007.??.??"]
[Round "?"]
[White "Gankin, Stanislav"]
[Black "Ryabov, Sergei"]
[Result "1/2-1/2"]
[WhiteElo "2338"]
[BlackElo "2197"]
[PlyCount "119"]
[EventDate "2007.06.25"]
[EventType "swiss"]
[EventRounds "9"]
[EventCountry "RUS"]
[SourceTitle "EXT 2008"]
[Source "ChessBase"]
[SourceDate "2007.11.25"]
[SourceVersion "1"]
[SourceVersionDate "2007.11.25"]
[SourceQuality "1"]

1. e4 e5 2. Nf3 Nc6 3. Bb5 Nd4 4. Nxd4 exd4 5. 0-0 c6 6. Bc4 Nf6 7. Re1 d6 8. c3 Ng4 9. Qe2 Qb6 10. d3 Ne5 11. h3 Be7 12. Bb3 0-0 13. Kh1 Be6 14. Nd2 Bxb3 15. Nxb3 dxc3 16. bxc3 Ng6 17. Be3 Qc7 18. Nd4 Bf6 19. Qd2 d5 20. exd5 cxd5 21. Rac1 a6 22. Ne2 Rfe8 23. Bd4 Bxd4 24. Nxd4 Qf4 25. Re3 Rxe3 26. fxe3 Qg5 27. Nf3 Qf6 28. c4 dxc4 29. Rxc4 Ne5 30. Nxe5 Qxe5 31. d4 Qe4 32. Qc2 Qxc2 33. Rxc2 Kf8 34. Kg1 b5 35. Kf2 Ke7 36. Rc7+ Ke6 37. e4 a5 38. Ke3 b4 39. d5+ Kf6 40. Kd4 a4 41. e5+ Kg6 42. Rc6+ Kf5 43. g4+ Kg5 44. Rb6 b3 45. a3 Rc8 46. d6 Rc1 47. Ke4 Re1+ 48. Kf3 Rd1 49. Rb7 h5 50. Ke3 hxg4 51. hxg4 g6 52. Rb4 f6 53. Ke2 Rd5 54. Rxa4 fxe5 55. Rb4 Rxd6 56. Rxb3 Kxg4 57. a4 Rd5 58. Rb5 Rd4 59. Rxe5 Rxa4 60. Kf2 1/2-1/2

[Event "Sukhumi op"]
[Site "Sukhumi"]
[Date "2006.08.11"]
[Round "8"]
[White "Barsamian, Eduard"]
[Black "Ryabov, Sergei"]
[Result "1-0"]
[WhiteElo "2027"]
[BlackElo "2217"]
[PlyCount "50"]
[EventDate "2006.08.04"]
[EventType "swiss"]
[EventRounds "9"]
[EventCountry "GEO"]
[SourceTitle "EXT 2011"]
[Source "ChessBase"]
[SourceDate "2010.11.26"]
[SourceVersion "1"]
[SourceVersionDate "2010.11.26"]
[SourceQuality "1"]

1. d4 Nf6 2. c4 e6 3. Nc3 Bb4 4. e3 Qe7 5. Nf3 d6 6. Bd2 0-0 7. a3 Bxc3 8. Bxc3 a5 9. Qc2 Nbd7 10. 0-0-0 d5 11. Kb1 Ne4 12. Bd3 Ndf6 13. Ne5 Bd7 14. Be1 Nd6 15. c5 Nc8 16. g4 g6 17. h4 Qe8 18. h5 Ne7 19. f3 Kg7 20. Qh2 Rh8 21. Bh4 Nfg8 22. h6+ Kf8 23. Nxd7+ Qxd7 24. Qe5 Nf6 25. Qxf6 Rg8 1-0

[Event "Sukhumi op"]
[Site "Sukhumi"]
[Date "2006.08.10"]
[Round "7"]
[White "Ryabov, Sergei"]
[Black "Ter Steponianc, Antonina"]
[Result "0-1"]
[WhiteElo "2197"]
[BlackElo "2154"]
[PlyCount "42"]
[EventDate "2006.08.04"]
[EventType "swiss"]
[EventRounds "9"]
[EventCountry "GEO"]
[SourceTitle "EXT 2011"]
[Source "ChessBase"]
[SourceDate "2010.11.26"]
[SourceVersion "1"]
[SourceVersionDate "2010.11.26"]
[SourceQuality "1"]

1. e4 e5 2. Nf3 Nc6 3. Bb5 d6 4. d4 Bd7 5. Nc3 Nf6 6. 0-0 Be7 7. Re1 exd4 8. Nxd4 0-0 9. Bxc6 bxc6 10. Bf4 Re8 11. e5 dxe5 12. Bxe5 Bd6 13. Bxd6 cxd6 14. Qf3 Qb6 15. Nb3 c5 16. Qf4 d5 17. Rxe8+ Rxe8 18. Qc1 c4 19. Nd2 Ng4 20. Qf1 Qxb2 21. Nxd5 Qe5 0-1